|
|
|
|
| LEADER |
00000n m0a2200000 4500 |
| 001 |
33699 |
| 005 |
20231030215840.0 |
| 035 |
|
|
|a (RuTPU)RU\TPU\book\34065
|
| 090 |
|
|
|a 33699
|
| 100 |
|
|
|a 20011210d1980 km y0rusy50 ca
|
| 101 |
0 |
|
|a rus
|
| 102 |
|
|
|a RU
|
| 105 |
|
|
|a y z 000zy
|
| 200 |
1 |
|
|a Расчет импульсных трансформаторов
|f П. Н. Матханов, Л. З. Гоголицын
|
| 210 |
|
|
|a Ленинград
|c Энергия
|d 1980
|
| 215 |
|
|
|a 112 с.
|
| 610 |
1 |
|
|a высокие напряжения
|
| 610 |
1 |
|
|a техника
|
| 610 |
1 |
|
|a трансформаторы импульсные
|
| 610 |
1 |
|
|a расчеты
|
| 675 |
|
|
|a 621.314.222
|v 3
|
| 700 |
|
1 |
|a Матханов
|b П. Н.
|g Платон Николаевич
|
| 701 |
|
1 |
|a Гоголицын
|b Л. З.
|g Лев Зосимович
|
| 801 |
|
0 |
|a RU
|b 63413507
|c 20011210
|g PSBO
|
| 801 |
|
2 |
|a RU
|b 63413507
|c 20201014
|g PSBO
|
| 900 |
|
|
|a Техника высоких напряжений
|
| 900 |
|
|
|a Высоковольтная техника
|
| 900 |
|
|
|a Высоковольтная электротехника
|
| 942 |
|
|
|c BK
|